Kenya's changing landscape / (Record no. 19791)

MARC details
000 -LEADER
fixed length control field 01286cam a2200325 a 4500
001 - CONTROL NUMBER
control field 4018649
003 - CONTROL NUMBER IDENTIFIER
control field OSt
005 - DATE AND TIME OF LATEST TRANSACTION
control field 20211123143923.0
008 - FIXED-LENGTH DATA ELEMENTS--GENERAL INFORMATION
fixed length control field 971024s1998 azua b s001 0 eng
010 ## - LIBRARY OF CONGRESS CONTROL NUMBER
LC control number 97045290
020 ## - INTERNATIONAL STANDARD BOOK NUMBER
International Standard Book Number 0816518718 (pbk. : acidfree paper)
040 ## - CATALOGING SOURCE
Original cataloging agency DLC
Transcribing agency HU
Modifying agency DLC
043 ## - GEOGRAPHIC AREA CODE
Geographic area code f-ke---
050 00 - LIBRARY OF CONGRESS CALL NUMBER
Classification number QK402.K4
Item number T87 1998
082 00 - DEWEY DECIMAL CLASSIFICATION NUMBER
Classification number 581.7/096762
Edition number 21
100 1# - MAIN ENTRY--PERSONAL NAME
Personal name Turner, R. M.
Fuller form of name (Raymond M.)
9 (RLIN) 20162
245 10 - TITLE STATEMENT
Title Kenya's changing landscape /
Statement of responsibility, etc. Raymond M. Turner, H. Awala Ochungʾ, and Jeanne B. Turner.
260 ## - PUBLICATION, DISTRIBUTION, ETC.
Place of publication, distribution, etc. Tucson, Ariz. :
Name of publisher, distributor, etc. University of Arizona Press,
Date of publication, distribution, etc. c1998.
300 ## - PHYSICAL DESCRIPTION
Extent x, 177 p. :
Other physical details ill. ;
Dimensions 28 cm.
504 ## - BIBLIOGRAPHY, ETC. NOTE
Bibliography, etc. note Includes bibliographical references and index.
650 #0 - SUBJECT ADDED ENTRY--TOPICAL TERM
Topical term or geographic name entry element Vegetation dynamics
Geographic subdivision Kenya
General subdivision History
-- Pictorial works.
9 (RLIN) 20163
650 #0 - SUBJECT ADDED ENTRY--TOPICAL TERM
Topical term or geographic name entry element Plant ecology
Geographic subdivision Kenya
General subdivision History
-- Pictorial works.
9 (RLIN) 20164
650 #0 - SUBJECT ADDED ENTRY--TOPICAL TERM
Topical term or geographic name entry element Vegetation and climate
Geographic subdivision Kenya
General subdivision History
-- Pictorial.
9 (RLIN) 20165
650 #0 - SUBJECT ADDED ENTRY--TOPICAL TERM
Topical term or geographic name entry element Landscape changes
Geographic subdivision Kenya
General subdivision History
-- Pictorial works.
9 (RLIN) 20166
700 1# - ADDED ENTRY--PERSONAL NAME
Personal name Ochungʾ, H.
9 (RLIN) 20167
700 1# - ADDED ENTRY--PERSONAL NAME
Personal name Turner, Jeanne B.
9 (RLIN) 20168
906 ## - LOCAL DATA ELEMENT F, LDF (RLIN)
a 7
b cbc
c orignew
d 1
e ocip
f 19
g y-gencatlg
942 ## - ADDED ENTRY ELEMENTS (KOHA)
Source of classification or shelving scheme Dewey Decimal Classification
Koha item type Books like text book referance book
Suppress in OPAC No
Holdings
Withdrawn status Lost status Source of classification or shelving scheme Damaged status Not for loan Collection code Home library Current library Shelving location Date acquired Total Checkouts Full call number Barcode Date last seen Price effective from Koha item type
    Dewey Decimal Classification     Reference Wondo Genet Library Wondo Genet Library General Stacks 11/23/2021   581.796762 TUR 1998 5 11/23/2021 11/23/2021 Books like text book referance book